• 首页
  • 本馆介绍
  • 公告通知
  • 最新文献
  • 馆藏检索
  • 电子资源
  • 读者导购
  • 参考咨询
  • 我的图书馆
  • 登录
  • 详细信息显示
  • 放入我的书架
  • 预约/预借图书
  • 作者相关作品
  • 分类相关作品
  • 丛书相关作品
  • 出版社相关作品

书目信息

  • 表格格式
  • 工作单格式
  • 卡片格式
题名:
新编理科教学实验手册
    
 
作者: ;蔡锦涛 译 ;联合国教科文组织 编
分册:  
出版信息: 北京   中国对外翻译出版公司  1983
页数: 243页
开本: 25cm
丛书名:
单 册:
中图分类: N64
科图分类:
主题词: 自然科学--表解 , 自然科学--图解 , 自然科学--图表 , 自然科学--公式 , 自然科学--数据 , 自然科学--标本 , 自然科学--模型
电子资源:
ISBN:
000 01021nam0 2200325 45
001 0183009374
005 20041221081814.7
010    @dCNY2.00
091    @a70220.5
100    @a19950929d1983 em y0chiy0121 ea
101 1  @achi@ceng
102    @aCN@b110000
105    @ay z 000yy
200 10 @a新编理科教学实验手册@Axin bian li ke jiao xue shi yan shou ce@dNew Unesco Source Book for Science Teaching.@f联合国教科文组织编@FLian He Guo Jiao Ke Wen Zu Zhi Bian@g蔡锦涛等译
210    @a北京@c中国对外翻译出版公司@d1983
215    @a243页@d25cm
517 1  @a理科教学实验手册@Ali ke jiao xue shi yan shou ce
606 0  @a自然科学@x表解
606 0  @a自然科学@x图解
606 0  @a自然科学@x图表
606 0  @a自然科学@x公式
606 0  @a自然科学@x数据
606 0  @a自然科学@x标本
606 0  @a自然科学@x模型
690    @aN64@v3
702  0 @a蔡锦涛@Acai jin tao@4译
711 02 @a联合国教科文组织@4编
801  0 @aCN@b上海图书馆@c20040913
801  2 @aCN@bNLC@c20040913
905    @dN64@e2@f1@b99671
    
    新编理科教学实验手册=New Unesco Source Book for Science Teaching./联合国教科文组织编/蔡锦涛等译.-北京:中国对外翻译出版公司,1983
    243页;25cm
    
    
    ISBN :CNY2.00
    
●
相关链接 在E读中查询图书 在五车中查询图书 在当当中查询图书 在豆瓣中查询图书


正题名:新编理科教学实验手册     索取号:N64/2         预约/预借

序号 登录号 条形码 馆藏地/架位号 状态 备注
1 0099671   001977329   密集书库/ [索取号:N64/2] 在馆    
2 0099672   000552967   第三借阅区/ [索取号:N64/2] 在馆    
3 0099673   000552976   密集书库/ [索取号:N64/2] 在馆    
4 0099674   000552930   密集书库/ [索取号:N64/2] 在馆    
5 0099675   000552949   密集书库/ [索取号:N64/2] 在馆    
6 0099676   000552958   密集书库/ [索取号:N64/2] 在馆    
7 0099677   000552921   第二样本阅览室/ [索取号:N64/2] 在馆    
8 0173192   000552912   密集书库/ [索取号:N64/2] 在馆    
9 0173193   001979096   密集书库/ [索取号:N64/2] 在馆    
唐山师范学院图书馆 欢迎您!
大连网信软件有限公司© 版权所有